Changes in the Forms of the Information Environment, Their Influence on the Spread of Disinformation and the Threat to Democracy

Zmena charakteru informačného prostredia výrazne ovplyvňuje vnímanie reality ľudskej spoločnosti. Ide o vytvorenie stavu nazývaného "post-pravda". Vyznačuje sa tým, že objektívne a racionálne spracované fakty majú menší vplyv na formovanie verejnej mienky, ako apely na emócie, alebo osobné názory. V...

Descripción completa

Guardado en:
Detalles Bibliográficos
Autor principal: Koziak, Tomáš
Formato: Capítulo de libro
Lenguaje:inglés
Materias:
Etiquetas: Agregar Etiqueta
Sin Etiquetas, Sea el primero en etiquetar este registro!

MARC

LEADER 00000naa a2200000 4500
001 0304536
005 20241010151302.9
041 0 |a eng 
044 |a SK 
245 1 0 |a Changes in the Forms of the Information Environment, Their Influence on the Spread of Disinformation and the Threat to Democracy  |c Tomáš Koziak 
520 |a Zmena charakteru informačného prostredia výrazne ovplyvňuje vnímanie reality ľudskej spoločnosti. Ide o vytvorenie stavu nazývaného "post-pravda". Vyznačuje sa tým, že objektívne a racionálne spracované fakty majú menší vplyv na formovanie verejnej mienky, ako apely na emócie, alebo osobné názory. Vzhľadom na skutočnosť, že demokratický systém riadenia je výslovne založený na princípe kolektívnej racionality, môže byť takáto zmena spôsobu vnímania reality fatálna pre demokraciu. Identifikovanie počiatkov existencie tohto javu a vysvetlenie jeho základných príčin. Jej základná téza spočíva v presvedčení, že uvedený stav je spôsobený kombináciou kognitívnych skreslení, zmenou informačného prostredia a vzniku internetových sociálnych bublín. 
610 2 0 |a dezinformácie 
610 2 0 |a prostredie virtuálne 
610 2 0 |a informácie 
610 2 0 |a hrozby hybridné 
610 2 0 |a demokracia 
100 1 |a Koziak, Tomáš